Vývoj obyvateľstva v Slovenskej republike. 4

Údaje o prírastku a štruktúre obyvateľstva Slovenskej republiky. Celkový vývoj prírastku obyvateľstva. Obyvateľstvo SR podľa základných vekových skupín. Stav obyvateľstva SR k 31. decembru 1995 bol 5 367,8 tisíc obyvateľov.

Salvato in:
Dettagli Bibliografici
Autore principale: Tirpák, M.
Natura: Capitolo di libro
Lingua:slovacco
Soggetti:
Tags: Aggiungi Tag
Nessun Tag, puoi essere il primo ad aggiungerne!!

MARC

LEADER 00000naa a2200000 4500
001 r022075
005 20230825075853.4
041 0 |a slo 
044 |a SK 
245 1 0 |a Vývoj obyvateľstva v Slovenskej republike. 4  |c M. Tirpák 
520 |a Údaje o prírastku a štruktúre obyvateľstva Slovenskej republiky. Celkový vývoj prírastku obyvateľstva. Obyvateľstvo SR podľa základných vekových skupín. Stav obyvateľstva SR k 31. decembru 1995 bol 5 367,8 tisíc obyvateľov. 
610 2 0 |a obyvateľstvo 
610 2 0 |a vývoj populačný 
610 2 0 |a prírastok obyvateľstva 
610 2 0 |a údaje štatistické 
610 2 0 |a 1990-1995 
610 2 0 |a skupiny vekové 
100 1 |a Tirpák, M.